Central Library OPAC University of Rajshahi

বাংলাদেশ সার্ভিস রুলস : (Record no. 60227)

MARC details
000 -LEADER
fixed length control field 00949nam a2200241 a 4500
001 - CONTROL NUMBER
control field 60227
003 - CONTROL NUMBER IDENTIFIER
rucl marc code BD-RjUL
005 - DATE AND TIME OF LATEST TRANSACTION
control field 20211209080821.0
008 - FIXED-LENGTH DATA ELEMENTS--GENERAL INFORMATION
fixed length control field 161229s1993 bg ||||| |||| 00| 0 ben d
020 ## - INTERNATIONAL STANDARD BOOK NUMBER
Terms of availability : TK 130.00
035 ## - SYSTEM CONTROL NUMBER
System control number (BD-RjUL)60351
040 ## - CATALOGING SOURCE
Original cataloging agency BD-RjUL
Language of cataloging ben
Transcribing agency BD-RjUL
041 ## - LANGUAGE CODE
Language code of text/sound track or separate title ben
082 ## - DEWEY DECIMAL CLASSIFICATION NUMBER
Edition number 23
Classification number 351.1095492
Author mark and year MIB 1993
100 ## - MAIN ENTRY--PERSONAL NAME
Personal name মিয়া, মোহাম্মদ ফিরোজ
9 (RLIN) 179282
245 10 - TITLE STATEMENT
Title বাংলাদেশ সার্ভিস রুলস :
Remainder of title পার্ট-১ ও পার্ট-২ /
Statement of responsibility, etc. মোহাম্মদ ফিরোজ মিয়া
250 ## - EDITION STATEMENT
Edition statement ২য় সং.
260 ## - PUBLICATION, DISTRIBUTION, ETC. (IMPRINT)
Place of publication, distribution, etc. ঢাকা :
Name of publisher, distributor, etc. শাহিনা ফিরোজ,
Date of publication, distribution, etc. ১৯৯৩
300 ## - PHYSICAL DESCRIPTION
Pagination ২৮০ পৃ. ;
Size ২১ সেমি.
650 ## - SUBJECT ADDED ENTRY--TOPICAL TERM
Topical term or geographic name as entry element সার্ভিস রুলস
Geographic subdivision বাংলাদেশ
9 (RLIN) 179283
Topical term or geographic name as entry element Service Rules
Geographic subdivision Bangladesh
9 (RLIN) 179284
942 ## - ADDED ENTRY ELEMENTS (KOHA)
Source of classification or shelving scheme Dewey Decimal Classification
Koha item type Books
Holdings
Lost status Source of classification or shelving scheme Damaged status Not for loan Collection code Permanent Location Current Location Shelving location Date acquired Source of acquisition Cost, normal purchase price Total Checkouts Full call number Date last seen Copy number Koha item type
  Dewey Decimal Classification   Not For Loan Non-fiction Central Library, University of Rajshahi Central Library, University of Rajshahi Reading Room 05/01/1995 Aligarh library, Rajshahi 130.00   B 351.1095492 MIB 1993 29/12/2016 C-1 Books